Organizing a family agency (Record no. 1446792)

MARC details
000 -LEADER
fixed length control field 00571nam a2200217Ia 4500
005 - DATE AND TIME OF LATEST TRANSACTION
control field 20250923145056.0
008 - FIXED-LENGTH DATA ELEMENTS--GENERAL INFORMATION
fixed length control field 008 250917s9999 xx 000 0 eng d
037 ## - SOURCE OF ACQUISITION
Stock number Textual
040 ## - CATALOGING SOURCE
Original cataloging agency DSWL
Language of cataloging eng
Transcribing agency DSWL
041 ## - LANGUAGE CODE
Language code of text/sound track or separate title eng
Source of code eng
084 ## - COLON CLASSIFICATION NUMBER
Classification number YX,ZB-A, N44
Assigning agency DSWL
100 ## - MAIN ENTRY--PERSONAL NAME
Personal name McLean
9 (RLIN) 831529
245 #0 - TITLE STATEMENT
Title Organizing a family agency
Statement of responsibility, etc. by McLean
260 ## - PUBLICATION, DISTRIBUTION, ETC.
Place of publication, distribution, etc. New York
Name of publisher, distributor, etc. F.S.A.A.
300 ## - PHYSICAL DESCRIPTION
Extent 72p.
365 ## - TRADE PRICE
Price type code INR
Price amount 2.68
700 ## - ADDED ENTRY--PERSONAL NAME
Personal name Ormsby
9 (RLIN) 831530
925 ## -
-- 2.68
942 ## - ADDED ENTRY ELEMENTS (KOHA)
Koha item type Textual
Classification part YX,ZB-A, N44
Holdings
Withdrawn status Lost status Damaged status Not for loan Home library Current library Date acquired Total Checkouts Full call number Barcode Date last seen Price effective from Koha item type
        Department of Social Work Library Department of Social Work Library 2025-09-23   YX,ZB-A, N44 SW0012393 2025-09-23 2025-09-23 Textual
Copyright @ Delhi University Library System